[Event "Wroclaw"]
[Site "?"]
[Date "2020.08.27"]
[Round "4.8"]
[White "Golenia, Jan"]
[Black "Posluszny, Tomasz"]
[Result "0-1"]
[BlackElo "1786"]
[WhiteElo "1956"]
[LiveChessVersion "1.4.8"]

1. e4 {[%clk 0:03:03]} c5 {[%clk 0:03:04]} 2. c3 {[%clk 0:03:04]} Nf6
{[%clk 0:03:05]} 3. e5 {[%clk 0:03:06]} Nd5 {[%clk 0:03:06]} 4. Bc4
{[%clk 0:03:07]} Nb6 {[%clk 0:02:55]} 5. Bb3 {[%clk 0:03:08]} c4 {[%clk 0:02:56]}
6. Bc2 {[%clk 0:03:10]} Nc6 {[%clk 0:02:50]} 7. Nf3 {[%clk 0:03:11]} d6
{[%clk 0:02:52]} 8. exd6 {[%clk 0:03:12]} exd6 {[%clk 0:02:53]} 9. O-O
{[%clk 0:03:12]} Be7 {[%clk 0:02:54]} 10. d4 {[%clk 0:03:13]} d5 {[%clk 0:02:34]}
11. Bf4 {[%clk 0:03:14]} O-O {[%clk 0:02:14]} 12. Nbd2 {[%clk 0:03:15]} h6
{[%clk 0:01:26]} 13. Re1 {[%clk 0:03:15]} Bd6 {[%clk 0:01:24]} 14. Bxd6
{[%clk 0:03:07]} Qxd6 {[%clk 0:01:23]} 15. Ne5 {[%clk 0:03:08]} Nd7
{[%clk 0:00:58]} 16. Nxc6 {[%clk 0:02:57]} Qxc6 {[%clk 0:00:53]} 17. Nf3
{[%clk 0:02:58]} b5 {[%clk 0:00:33]} 18. Qd2 {[%clk 0:02:59]} Qf6
{[%clk 0:00:18]} 19. a4 {[%clk 0:02:59]} bxa4 {[%clk 0:00:16]} 20. Rxa4
{[%clk 0:02:56]} Nb6 {[%clk 0:00:14]} 21. Ra5 {[%clk 0:02:57]} Be6
{[%clk 0:00:15]} 22. Rea1 {[%clk 0:02:42]} Qe7 {[%clk 0:00:11]} 23. Ne5
{[%clk 0:02:43]} Qc7 {[%clk 0:00:08]} 24. Rc5 {[%clk 0:02:30]} Qd6
{[%clk 0:00:10]} 25. Rca5 {[%clk 0:01:38]} Qc7 {[%clk 0:00:10]} 26. Rc5
{[%clk 0:01:39]} Qd6 {[%clk 0:00:11]} 27. Rca5 {[%clk 0:01:40]} Qc7
{[%clk 0:00:12]} 28. Rc5 {[%clk 0:01:41]} Qe7 {[%clk 0:00:12]} 29. Nc6
{[%clk 0:01:39]} Qb7 {[%clk 0:00:11]} 30. Ne5 {[%clk 0:01:31]} Rfc8
{[%clk 0:00:09]} 31. Rca5 {[%clk 0:01:30]} Qe7 {[%clk 0:00:09]} 32. Qf4
{[%clk 0:01:31]} Rc7 {[%clk 0:00:08]} 33. h3 {[%clk 0:01:32]} Rb7
{[%clk 0:00:07]} 34. Nc6 {[%clk 0:01:28]} Qd7 {[%clk 0:00:08]} 35. Ne5
{[%clk 0:01:29]} Qc7 {[%clk 0:00:09]} 36. Rc5 {[%clk 0:01:25]} Qe7
{[%clk 0:00:10]} 37. Nc6 {[%clk 0:01:26]} Qd7 {[%clk 0:00:10]} 38. Ne5
{[%clk 0:01:26]} Qd6 {[%clk 0:00:08]} 39. Qe3 {[%clk 0:00:57]} Nc8
{[%clk 0:00:05]} 40. Ra2 {[%clk 0:00:57]} Rab8 {[%clk 0:00:06]} 41. Qc1
{[%clk 0:00:48]} Rb6 {[%clk 0:00:05]} 42. f4 {[%clk 0:00:48]} f6 {[%clk 0:00:06]}
43. Nf3 {[%clk 0:00:42]} Bf7 {[%clk 0:00:07]} 44. Bb1 {[%clk 0:00:36]} a6
{[%clk 0:00:05]} 45. Qc2 {[%clk 0:00:37]} Ne7 {[%clk 0:00:06]} 46. Qh7+
{[%clk 0:00:37]} Kf8 {[%clk 0:00:07]} 47. g3 {[%clk 0:00:24]} Rxb2
{[%clk 0:00:08]} 48. Rxb2 {[%clk 0:00:17]} Rxb2 {[%clk 0:00:09]} 49. Qh8+
{[%clk 0:00:12]} Bg8 {[%clk 0:00:10]} 50. Bh7 {[%clk 0:00:14]} Qd7
{[%clk 0:00:11]} 51. g4 {[%clk 0:00:14]} Ra2 {[%clk 0:00:07]} 52. Nh4
{[%clk 0:00:15]} Qe6 {[%clk 0:00:06]} 53. Ng6+ {[%clk 0:00:15]} Nxg6
{[%clk 0:00:07]} 54. Rc8+ {[%clk 0:00:11]} Ke7 {[%clk 0:00:04]} 55. Qxg7+
{[%clk 0:00:11]} Bf7 {[%clk 0:00:06]} 56. Rc7+ {[%clk 0:00:12]} Kd8
{[%clk 0:00:04]} 0-1

[Event "Wroclaw"]
[Site "?"]
[Date "2020.08.27"]
[Round "4.9"]
[White "Dixa, Oskar"]
[Black "Galuszka, Tomasz"]
[Result "1-0"]
[BlackElo "1943"]
[WhiteElo "1706"]
[LiveChessVersion "1.4.8"]

1. e4 {[%clk 0:03:03]} e5 {[%clk 0:03:02]} 2. Nf3 {[%clk 0:03:04]} Nc6
{[%clk 0:03:02]} 3. Bc4 {[%clk 0:03:05]} Nf6 {[%clk 0:03:02]} 4. d3
{[%clk 0:03:06]} Bc5 {[%clk 0:02:59]} 5. c3 {[%clk 0:03:04]} a6 {[%clk 0:02:59]}
6. Bb3 {[%clk 0:03:03]} Ba7 {[%clk 0:02:59]} 7. Nbd2 {[%clk 0:03:03]} d6
{[%clk 0:02:55]} 8. h3 {[%clk 0:03:03]} O-O {[%clk 0:02:53]} 9. Nf1
{[%clk 0:03:04]} h6 {[%clk 0:02:42]} 10. Ng3 {[%clk 0:03:04]} Ne7
{[%clk 0:02:34]} 11. Nh4 {[%clk 0:02:57]} g5 {[%clk 0:02:02]} 12. Nf3
{[%clk 0:02:43]} Ng6 {[%clk 0:02:01]} 13. h4 {[%clk 0:02:26]} g4 {[%clk 0:01:46]}
14. Nh2 {[%clk 0:02:22]} Kh7 {[%clk 0:01:21]} 15. Bd2 {[%clk 0:02:09]} Nf4
{[%clk 0:01:08]} 16. Bxf4 {[%clk 0:01:59]} exf4 {[%clk 0:01:08]} 17. Ne2
{[%clk 0:02:00]} Nh5 {[%clk 0:00:53]} 18. d4 {[%clk 0:01:51]} Qf6
{[%clk 0:00:47]} 19. Bc2 {[%clk 0:01:51]} Kh8 {[%clk 0:00:43]} 20. Qd3
{[%clk 0:01:51]} Qg7 {[%clk 0:00:29]} 21. O-O-O {[%clk 0:01:46]} b5
{[%clk 0:00:26]} 22. g3 {[%clk 0:01:34]} f3 {[%clk 0:00:24]} 23. Nf4
{[%clk 0:01:35]} Nxf4 {[%clk 0:00:17]} 24. gxf4 {[%clk 0:01:35]} h5
{[%clk 0:00:17]} 25. Kb1 {[%clk 0:01:21]} f5 {[%clk 0:00:17]} 26. e5
{[%clk 0:01:16]} Bb7 {[%clk 0:00:18]} 27. Nf1 {[%clk 0:01:06]} dxe5
{[%clk 0:00:19]} 28. fxe5 {[%clk 0:01:02]} Be4 {[%clk 0:00:20]} 29. Qd2
{[%clk 0:01:02]} Bxc2+ {[%clk 0:00:21]} 30. Qxc2 {[%clk 0:01:02]} Rad8
{[%clk 0:00:22]} 31. Ng3 {[%clk 0:01:03]} Qg6 {[%clk 0:00:22]} 32. Rhe1
{[%clk 0:01:01]} Rfe8 {[%clk 0:00:23]} 33. Ka1 {[%clk 0:00:58]} Rd5
{[%clk 0:00:24]} 34. Qd2 {[%clk 0:00:55]} c5 {[%clk 0:00:24]} 35. Qf4
{[%clk 0:00:54]} cxd4 {[%clk 0:00:23]} 36. cxd4 {[%clk 0:00:55]} Rf8
{[%clk 0:00:13]} 37. Re3 {[%clk 0:00:53]} Kh7 {[%clk 0:00:09]} 38. Rc3
{[%clk 0:00:54]} Rf7 {[%clk 0:00:09]} 39. Rc8 {[%clk 0:00:53]} Rdd7
{[%clk 0:00:09]} 40. d5 {[%clk 0:00:51]} Rc7 {[%clk 0:00:09]} 41. Rxc7
{[%clk 0:00:51]} Rxc7 {[%clk 0:00:10]} 42. e6 {[%clk 0:00:49]} Qg7
{[%clk 0:00:11]} 43. Qxf5+ {[%clk 0:00:48]} Kh8 {[%clk 0:00:12]} 44. Qxh5+
{[%clk 0:00:49]} Kg8 {[%clk 0:00:13]} 45. Nf5 {[%clk 0:00:46]} Qe5
{[%clk 0:00:06]} 46. Nh6+ {[%clk 0:00:44]} 1-0

[Event "Wroclaw"]
[Site "?"]
[Date "2020.08.27"]
[Round "5.1"]
[White "Kacprzak, Kacper"]
[Black "Skurniak, Szymon"]
[Result "0-1"]
[BlackElo "1963"]
[WhiteElo "2035"]
[LiveChessVersion "1.4.8"]

1. d4 {[%clk 0:03:03]} d6 {[%clk 0:03:04]} 2. c4 {[%clk 0:03:05]} e5
{[%clk 0:03:05]} 3. dxe5 {[%clk 0:03:06]} dxe5 {[%clk 0:03:05]} 4. Qxd8+
{[%clk 0:03:06]} Kxd8 {[%clk 0:03:07]} 5. Nc3 {[%clk 0:03:05]} c6
{[%clk 0:03:07]} 6. g3 {[%clk 0:03:03]} Be6 {[%clk 0:03:07]} 7. b3
{[%clk 0:03:03]} f6 {[%clk 0:03:06]} 8. Bb2 {[%clk 0:03:04]} Kc7 {[%clk 0:03:07]}
9. O-O-O {[%clk 0:03:04]} Nd7 {[%clk 0:02:59]} 10. Bg2 {[%clk 0:03:06]} Nh6
{[%clk 0:02:56]} 11. h3 {[%clk 0:02:51]} Nf7 {[%clk 0:02:56]} 12. e3
{[%clk 0:02:52]} a5 {[%clk 0:02:51]} 13. Nge2 {[%clk 0:02:52]} Bb4
{[%clk 0:02:42]} 14. g4 {[%clk 0:02:42]} Rhd8 {[%clk 0:02:41]} 15. f4
{[%clk 0:02:33]} Nc5 {[%clk 0:02:38]} 16. Kc2 {[%clk 0:02:29]} a4
{[%clk 0:01:51]} 17. f5 {[%clk 0:02:18]} axb3+ {[%clk 0:01:37]} 18. axb3
{[%clk 0:02:18]} Bd7 {[%clk 0:01:32]} 19. Ra1 {[%clk 0:02:13]} Nd6
{[%clk 0:01:31]} 20. Ng3 {[%clk 0:02:14]} Be8 {[%clk 0:01:24]} 21. Nce4
{[%clk 0:02:09]} Ndxe4 {[%clk 0:01:23]} 22. Rxa8 {[%clk 0:00:59]} Rd2+
{[%clk 0:00:57]} 23. Kb1 {[%clk 0:01:00]} Nxg3 {[%clk 0:00:58]} 24. Rxe8
{[%clk 0:00:58]} Nxh1 {[%clk 0:00:58]} 25. Bxh1 {[%clk 0:00:44]} Rd1+
{[%clk 0:00:59]} 26. Kc2 {[%clk 0:00:41]} Rd2+ {[%clk 0:01:00]} 27. Kb1
{[%clk 0:00:36]} Rd1+ {[%clk 0:01:02]} 28. Kc2 {[%clk 0:00:37]} Rxh1
{[%clk 0:01:03]} 29. Re7+ {[%clk 0:00:38]} Kd6 {[%clk 0:01:01]} 30. Rxg7
{[%clk 0:00:38]} Rh2+ {[%clk 0:01:00]} 31. Kb1 {[%clk 0:00:40]} Nd3
{[%clk 0:01:01]} 32. Ba1 {[%clk 0:00:37]} Rxh3 {[%clk 0:00:57]} 33. g5
{[%clk 0:00:29]} fxg5 {[%clk 0:00:44]} 34. f6 {[%clk 0:00:30]} Rf3
{[%clk 0:00:43]} 35. Rxg5 {[%clk 0:00:22]} Rxf6 36. Kc2 Ne1+ 37. Kd1 Re6
{[%clk 0:00:34]} 38. Rg7 {[%clk 0:00:27]} b5 {[%clk 0:00:29]} 39. cxb5
{[%clk 0:00:25]} cxb5 {[%clk 0:00:29]} 40. Rxh7 {[%clk 0:00:26]} Kd5
{[%clk 0:00:29]} 41. Ke2 {[%clk 0:00:23]} Nc2 {[%clk 0:00:29]} 42. Bb2
{[%clk 0:00:23]} Rg6 {[%clk 0:00:30]} 43. e4+ {[%clk 0:00:19]} Kxe4
{[%clk 0:00:28]} 44. Rh4+ {[%clk 0:00:21]} Kd5 {[%clk 0:00:30]} 45. Rh5
{[%clk 0:00:21]} Rg2+ 46. Kf3 {[%clk 0:00:22]} Ne1+ {[%clk 0:00:29]} 47. Ke3
{[%clk 0:00:22]} Rxb2 {[%clk 0:00:29]} 48. Rxe5+ {[%clk 0:00:23]} Kc6
{[%clk 0:00:27]} 49. Re6+ {[%clk 0:00:20]} Kb7 {[%clk 0:00:27]} 50. Kd4
{[%clk 0:00:15]} Rd2+ {[%clk 0:00:26]} 51. Ke3 {[%clk 0:00:16]} Rd6
{[%clk 0:00:26]} 52. Re7+ {[%clk 0:00:16]} Kc6 {[%clk 0:00:26]} 53. Re8
{[%clk 0:00:17]} Nc2+ {[%clk 0:00:27]} 54. Ke4 {[%clk 0:00:18]} Rd4+
{[%clk 0:00:26]} 55. Ke5 {[%clk 0:00:20]} Rd1 {[%clk 0:00:26]} 56. Rc8+
{[%clk 0:00:20]} Kb6 {[%clk 0:00:27]} 57. Rb8+ {[%clk 0:00:21]} Kc7
{[%clk 0:00:28]} 58. Rxb5 {[%clk 0:00:21]} Bd6+ {[%clk 0:00:27]} 59. Ke4
{[%clk 0:00:20]} Re1+ {[%clk 0:00:28]} 60. Kd3 {[%clk 0:00:21]} Nb4+
{[%clk 0:00:28]} 61. Kd2 {[%clk 0:00:21]} Re5 {[%clk 0:00:27]} 62. Rxe5
{[%clk 0:00:14]} Bxe5 {[%clk 0:00:28]} 63. Ke3 {[%clk 0:00:15]} Kc6 64. Ke4 Bc3
{[%clk 0:00:30]} 65. Ke3 {[%clk 0:00:18]} Kc5 66. Ke4 Nd5 {[%clk 0:00:31]} 67.
b4+ Nxb4 68. Kf3 {[%clk 0:00:18]} Kd4 69. Kg2 Ke3 {[%clk 0:00:33]} 70. Kh1
{[%clk 0:00:21]} Kf3 {[%clk 0:00:35]} 71. Kg1 {[%clk 0:00:23]} Be5 72. Kh1 Nd3
{[%clk 0:00:36]} 73. Kg1 {[%clk 0:00:27]} Nf2 {[%clk 0:00:35]} 74. Kf1
{[%clk 0:00:28]} Bf4 {[%clk 0:00:36]} 75. Kg1 {[%clk 0:00:29]} Ne4
{[%clk 0:00:33]} 76. Kh1 {[%clk 0:00:30]} Nf2+ {[%clk 0:00:31]} 77. Kg1
{[%clk 0:00:31]} Bg3 {[%clk 0:00:32]} 78. Kf1 {[%clk 0:00:33]} Bh2
{[%clk 0:00:33]} 79. Ke1 {[%clk 0:00:35]} Ne4 {[%clk 0:00:34]} 80. Kd1
{[%clk 0:00:35]} Ke3 {[%clk 0:00:31]} 81. Kc2 {[%clk 0:00:36]} Nd2 82. Kc3 Bd6
{[%clk 0:00:33]} 83. Kc2 {[%clk 0:00:39]} Be5 {[%clk 0:00:32]} 84. Kd1
{[%clk 0:00:39]} Kd3 {[%clk 0:00:32]} 85. Ke1 {[%clk 0:00:40]} Bg3+
{[%clk 0:00:33]} 86. Kd1 {[%clk 0:00:41]} Bh4 {[%clk 0:00:34]} 87. Kc1
{[%clk 0:00:43]} Nc4 {[%clk 0:00:34]} 88. Kd1 {[%clk 0:00:44]} Bf2
{[%clk 0:00:25]} 89. Kc1 {[%clk 0:00:45]} Bd4 {[%clk 0:00:20]} 90. Kd1
{[%clk 0:00:47]} Bc3 {[%clk 0:00:22]} 91. Kc1 {[%clk 0:00:49]} Nb2
{[%clk 0:00:23]} 92. Kb1 {[%clk 0:00:50]} Nd1 {[%clk 0:00:17]} 93. Kc1
{[%clk 0:00:51]} Ne3 {[%clk 0:00:19]} 94. Kb1 {[%clk 0:00:53]} Nc2 95. Kc1 Bd4
{[%clk 0:00:20]} 96. Kd1 {[%clk 0:00:55]} Bc5 {[%clk 0:00:15]} 97. Kc1
{[%clk 0:00:57]} Ne3 {[%clk 0:00:16]} 98. Kb2 {[%clk 0:00:58]} Kc4
{[%clk 0:00:16]} 99. Kc1 {[%clk 0:00:59]} Kc3 {[%clk 0:00:17]} 100. Kb1
{[%clk 0:01:00]} Ba3 {[%clk 0:00:16]} 101. Ka2 {[%clk 0:01:01]} Bb2
{[%clk 0:00:16]} 102. Kb1 {[%clk 0:01:02]} Nc2 {[%clk 0:00:16]} 103. Ka2
{[%clk 0:01:03]} Bc1 {[%clk 0:00:15]} 104. Kb1 {[%clk 0:01:05]} Bf4
{[%clk 0:00:15]} 105. Ka2 {[%clk 0:01:07]} Nb4+ {[%clk 0:00:08]} 106. Kb1
{[%clk 0:01:08]} Kb3 {[%clk 0:00:09]} 107. Ka1 {[%clk 0:01:09]} Nc2+
{[%clk 0:00:09]} 108. Kb1 {[%clk 0:01:11]} Na3+ 0-1

[Event "Wroclaw"]
[Site "?"]
[Date "2020.08.27"]
[Round "5.2"]
[White "Kacprzak, Karol"]
[Black "Suder, Jakub"]
[Result "1/2-1/2"]
[BlackElo "2031"]
[WhiteElo "2012"]
[LiveChessVersion "1.4.8"]

1. d4 {[%clk 0:03:03]} d5 {[%clk 0:03:04]} 2. Nf3 {[%clk 0:03:04]} e6
{[%clk 0:03:05]} 3. e3 {[%clk 0:03:06]} Nf6 {[%clk 0:03:01]} 4. Bd3
{[%clk 0:03:07]} Be7 {[%clk 0:03:00]} 5. O-O {[%clk 0:03:06]} Nbd7
{[%clk 0:03:01]} 6. b3 {[%clk 0:03:07]} b6 {[%clk 0:03:01]} 7. Bb2
{[%clk 0:03:08]} Bb7 {[%clk 0:03:02]} 8. Ne5 {[%clk 0:03:09]} O-O
{[%clk 0:02:37]} 9. Nd2 {[%clk 0:03:09]} Ne4 {[%clk 0:02:33]} 10. Nxe4
{[%clk 0:03:08]} dxe4 {[%clk 0:02:32]} 11. Bc4 {[%clk 0:03:09]} Nxe5
{[%clk 0:02:30]} 12. dxe5 {[%clk 0:03:10]} Qxd1 {[%clk 0:02:30]} 13. Rfxd1
{[%clk 0:03:06]} Rfd8 {[%clk 0:02:31]} 14. Kf1 {[%clk 0:02:58]} a6
{[%clk 0:02:08]} 15. a4 {[%clk 0:02:59]} Kf8 {[%clk 0:02:02]} 16. Bc3
{[%clk 0:02:39]} a5 {[%clk 0:01:52]} 17. Ke2 {[%clk 0:02:30]} Bc6
{[%clk 0:01:53]} 18. Bd4 {[%clk 0:02:06]} Bd5 {[%clk 0:01:46]} 19. Rab1
{[%clk 0:01:07]} Rd7 {[%clk 0:01:20]} 20. Bb5 {[%clk 0:00:39]} Rdd8
{[%clk 0:01:06]} 21. Bc4 {[%clk 0:00:40]} Rd7 {[%clk 0:01:07]} 22. Bb5
{[%clk 0:00:41]} Rdd8 {[%clk 0:01:09]} 1/2-1/2

[Event "Wroclaw"]
[Site "?"]
[Date "2020.08.27"]
[Round "5.3"]
[White "Luczak, Filip"]
[Black "Ochedzan, Tymon"]
[Result "0-1"]
[BlackElo "1972"]
[WhiteElo "1891"]
[LiveChessVersion "1.4.8"]

1. Nf3 {[%clk 0:03:02]} Nf6 2. g3 g6 {[%clk 0:03:03]} 3. Bg2 {[%clk 0:03:05]} Bg7
{[%clk 0:03:04]} 4. O-O {[%clk 0:03:06]} O-O {[%clk 0:03:05]} 5. d4
{[%clk 0:03:07]} c5 {[%clk 0:03:05]} 6. c4 {[%clk 0:03:05]} cxd4 {[%clk 0:03:03]}
7. Nxd4 {[%clk 0:03:06]} d5 {[%clk 0:03:03]} 8. cxd5 {[%clk 0:03:05]} Nxd5
{[%clk 0:03:03]} 9. Nc3 {[%clk 0:03:06]} Nxc3 {[%clk 0:02:42]} 10. bxc3
{[%clk 0:03:07]} Na6 {[%clk 0:02:33]} 11. Ba3 {[%clk 0:02:48]} Re8
{[%clk 0:02:25]} 12. Qb3 {[%clk 0:02:33]} Qc7 {[%clk 0:02:10]} 13. Rab1
{[%clk 0:02:12]} Nc5 {[%clk 0:02:08]} 14. Qc4 {[%clk 0:02:00]} Ne6
{[%clk 0:01:39]} 15. Qxc7 {[%clk 0:01:40]} Nxc7 {[%clk 0:01:40]} 16. Bxb7
{[%clk 0:01:31]} Bxb7 {[%clk 0:01:27]} 17. Rxb7 {[%clk 0:01:29]} Nd5
{[%clk 0:01:25]} 18. c4 {[%clk 0:00:53]} Nb6 {[%clk 0:00:56]} 19. Nb5
{[%clk 0:00:29]} Nxc4 {[%clk 0:00:47]} 20. Bxe7 {[%clk 0:00:23]} Na5
{[%clk 0:00:33]} 21. Rd7 {[%clk 0:00:19]} Rab8 {[%clk 0:00:27]} 22. Nd6
{[%clk 0:00:13]} Rxe7 {[%clk 0:00:11]} 23. Rxe7 {[%clk 0:00:15]} Bf8
{[%clk 0:00:08]} 24. Re8 {[%clk 0:00:07]} Rb2 {[%clk 0:00:05]} 25. e3
{[%clk 0:00:06]} Kg7 {[%clk 0:00:07]} 26. Ne4 {[%clk 0:00:05]} Rxa2
{[%clk 0:00:07]} 27. Ra8 {[%clk 0:00:05]} Nc6 {[%clk 0:00:08]} 28. Kg2
{[%clk 0:00:05]} Rc2 {[%clk 0:00:09]} 29. Kf3 {[%clk 0:00:03]} a5
{[%clk 0:00:10]} 30. Ra1 {[%clk 0:00:04]} Bb4 {[%clk 0:00:09]} 31. Ng5
{[%clk 0:00:04]} h6 {[%clk 0:00:09]} 32. Nh3 {[%clk 0:00:05]} Ne5+
{[%clk 0:00:10]} 33. Kg2 {[%clk 0:00:07]} Nd3 {[%clk 0:00:10]} 34. Rd8
{[%clk 0:00:06]} Ne5 {[%clk 0:00:09]} 35. Nf4 {[%clk 0:00:07]} Ng4
{[%clk 0:00:09]} 36. Nd3 {[%clk 0:00:09]} Nf6 {[%clk 0:00:08]} 37. Nxb4
{[%clk 0:00:09]} axb4 {[%clk 0:00:09]} 38. Rb8 {[%clk 0:00:10]} Ne4
{[%clk 0:00:10]} 39. Rf1 {[%clk 0:00:06]} Rb2 {[%clk 0:00:10]} 40. Kg1
{[%clk 0:00:05]} b3 {[%clk 0:00:11]} 41. Rb4 {[%clk 0:00:05]} Nd2
{[%clk 0:00:12]} 42. Rd1 {[%clk 0:00:06]} Rc2 {[%clk 0:00:13]} 43. Rxd2
{[%clk 0:00:04]} Rxd2 {[%clk 0:00:14]} 44. Rxb3 {[%clk 0:00:05]} h5
{[%clk 0:00:14]} 45. Kg2 {[%clk 0:00:06]} Rd5 {[%clk 0:00:15]} 46. h4
{[%clk 0:00:07]} Rf5 {[%clk 0:00:16]} 47. e4 {[%clk 0:00:08]} Rc5
{[%clk 0:00:17]} 48. Kf3 {[%clk 0:00:09]} Rc2 {[%clk 0:00:18]} 49. Ke3
{[%clk 0:00:09]} Ra2 {[%clk 0:00:19]} 50. f3 {[%clk 0:00:10]} Rg2
{[%clk 0:00:19]} 51. Kf4 {[%clk 0:00:11]} Rf2 {[%clk 0:00:20]} 52. Rb7
{[%clk 0:00:12]} Ra2 {[%clk 0:00:21]} 53. e5 {[%clk 0:00:13]} Ra4+
{[%clk 0:00:21]} 54. Kg5 {[%clk 0:00:10]} Ra5 {[%clk 0:00:22]} 55. f4
{[%clk 0:00:11]} Ra3 {[%clk 0:00:23]} 56. g4 {[%clk 0:00:07]} Rg3
{[%clk 0:00:23]} 57. Rxf7+ {[%clk 0:00:04]} Kxf7 {[%clk 0:00:25]} 58. e6+
{[%clk 0:00:03]} Kxe6 {[%clk 0:00:26]} 59. Kxg6 {[%clk 0:00:04]} Rxg4+
{[%clk 0:00:27]} 60. Kxh5 {[%clk 0:00:05]} Rxf4 {[%clk 0:00:28]} 61. Kg5
{[%clk 0:00:07]} Rf1 {[%clk 0:00:29]} 62. Kg6 {[%clk 0:00:07]} Rg1+
{[%clk 0:00:30]} 63. Kh6 {[%clk 0:00:07]} Kf6 {[%clk 0:00:31]} 64. h5
{[%clk 0:00:07]} Rh1 {[%clk 0:00:32]} 0-1

[Event "Wroclaw"]
[Site "?"]
[Date "2020.08.27"]
[Round "5.4"]
[White "Baum, Jonasz"]
[Black "Kozlowski, Michal"]
[Result "1/2-1/2"]
[BlackElo "1745"]
[WhiteElo "2187"]
[LiveChessVersion "1.4.8"]

1. e4 {[%clk 0:03:03]} c5 {[%clk 0:03:03]} 2. d3 {[%clk 0:03:04]} g6
{[%clk 0:03:02]} 3. g3 {[%clk 0:03:05]} Bg7 {[%clk 0:03:03]} 4. Bg2
{[%clk 0:03:06]} d6 {[%clk 0:03:03]} 5. f4 {[%clk 0:03:07]} e5 {[%clk 0:03:03]}
6. Nf3 {[%clk 0:03:03]} Ne7 {[%clk 0:03:03]} 7. O-O {[%clk 0:03:00]} O-O
{[%clk 0:03:03]} 8. Nc3 {[%clk 0:02:44]} Nbc6 {[%clk 0:03:03]} 9. f5
{[%clk 0:02:44]} gxf5 {[%clk 0:02:50]} 10. Nh4 {[%clk 0:02:45]} f4
{[%clk 0:02:23]} 11. gxf4 {[%clk 0:02:44]} exf4 {[%clk 0:02:24]} 12. Qh5
{[%clk 0:01:52]} Ne5 {[%clk 0:00:42]} 13. Nf5 {[%clk 0:01:30]} Nxf5
{[%clk 0:00:18]} 14. exf5 {[%clk 0:01:30]} f3 {[%clk 0:00:17]} 15. Bxf3
{[%clk 0:01:23]} f6 {[%clk 0:00:14]} 16. Bd5+ {[%clk 0:01:03]} Kh8
{[%clk 0:00:11]} 17. Kh1 {[%clk 0:00:56]} Qe8 {[%clk 0:00:11]} 18. Qh3
{[%clk 0:00:47]} Bd7 {[%clk 0:00:09]} 19. Rg1 {[%clk 0:00:42]} Bc6
{[%clk 0:00:08]} 20. Bh6 {[%clk 0:00:25]} Bxd5+ {[%clk 0:00:04]} 21. Nxd5
{[%clk 0:00:27]} Bxh6 {[%clk 0:00:04]} 22. Qxh6 {[%clk 0:00:28]} Qf7
{[%clk 0:00:04]} 23. c4 {[%clk 0:00:24]} Nd7 {[%clk 0:00:05]} 24. Rae1
{[%clk 0:00:18]} Ne5 {[%clk 0:00:06]} 25. Re3 {[%clk 0:00:16]} Rg8
{[%clk 0:00:05]} 26. Reg3 {[%clk 0:00:10]} Rxg3 {[%clk 0:00:05]} 27. Rxg3
{[%clk 0:00:11]} Rg8 {[%clk 0:00:06]} 28. Qxf6+ {[%clk 0:00:08]} Qxf6
{[%clk 0:00:07]} 29. Rxg8+ {[%clk 0:00:07]} Kxg8 {[%clk 0:00:08]} 30. Nxf6+
{[%clk 0:00:08]} Kf7 {[%clk 0:00:06]} 31. Ne4 {[%clk 0:00:10]} Nxd3
{[%clk 0:00:07]} 32. Nxd6+ {[%clk 0:00:11]} Kf6 {[%clk 0:00:07]} 33. Nxb7
{[%clk 0:00:11]} Kxf5 {[%clk 0:00:08]} 34. Kg2 {[%clk 0:00:08]} Nxb2
{[%clk 0:00:09]} 35. Nxc5 {[%clk 0:00:08]} Nxc4 {[%clk 0:00:10]} 36. Kf3
{[%clk 0:00:05]} Ne5+ {[%clk 0:00:10]} 37. Kg3 {[%clk 0:00:04]} Nc4
{[%clk 0:00:09]} 38. Nb3 {[%clk 0:00:04]} a6 {[%clk 0:00:09]} 39. Nc5
{[%clk 0:00:05]} a5 {[%clk 0:00:09]} 40. a4 {[%clk 0:00:05]} Nb2 {[%clk 0:00:09]}
41. Kf3 {[%clk 0:00:03]} Ke5 {[%clk 0:00:09]} 42. Nb3 {[%clk 0:00:04]} Nxa4
{[%clk 0:00:09]} 43. Nxa5 Nc3 {[%clk 0:00:10]} 44. Nc6+ {[%clk 0:00:06]} Kf6
{[%clk 0:00:11]} 45. Nd4 {[%clk 0:00:06]} Nd5 {[%clk 0:00:12]} 46. Ke4
{[%clk 0:00:07]} Ne7 {[%clk 0:00:13]} 47. Kf4 {[%clk 0:00:07]} Nd5+
{[%clk 0:00:14]} 48. Kg3 {[%clk 0:00:08]} Ne3 {[%clk 0:00:15]} 49. h3
{[%clk 0:00:08]} Nf5+ {[%clk 0:00:15]} 50. Nxf5 {[%clk 0:00:08]} 1/2-1/2

[Event "Wroclaw"]
[Site "?"]
[Date "2020.08.27"]
[Round "5.5"]
[White "Budzisz, Adrian"]
[Black "Luberanski, Jakub"]
[Result "1-0"]
[BlackElo "2087"]
[WhiteElo "1767"]
[LiveChessVersion "1.4.8"]

1. e4 {[%clk 0:03:03]} c5 {[%clk 0:03:04]} 2. Nf3 {[%clk 0:03:04]} e6
{[%clk 0:03:05]} 3. g3 {[%clk 0:03:05]} Nc6 {[%clk 0:03:05]} 4. Bg2
{[%clk 0:03:06]} g6 {[%clk 0:02:56]} 5. d4 {[%clk 0:03:04]} cxd4 {[%clk 0:02:57]}
6. Nxd4 {[%clk 0:03:05]} Qb6 {[%clk 0:02:42]} 7. Nb3 {[%clk 0:02:50]} Bg7
{[%clk 0:02:40]} 8. O-O {[%clk 0:02:49]} Nge7 {[%clk 0:02:35]} 9. c3
{[%clk 0:02:45]} O-O {[%clk 0:02:30]} 10. Be3 {[%clk 0:02:45]} Qc7
{[%clk 0:02:30]} 11. Na3 {[%clk 0:02:39]} d5 {[%clk 0:01:54]} 12. Nb5
{[%clk 0:02:14]} Qd8 {[%clk 0:01:41]} 13. exd5 {[%clk 0:02:00]} Nxd5
{[%clk 0:01:40]} 14. Bc5 {[%clk 0:01:57]} Nde7 {[%clk 0:01:11]} 15. Qxd8
{[%clk 0:01:47]} Rxd8 {[%clk 0:01:12]} 16. Rfd1 {[%clk 0:01:29]} Bd7
{[%clk 0:01:07]} 17. Rd2 {[%clk 0:01:08]} a6 {[%clk 0:01:05]} 18. Nd6
{[%clk 0:01:02]} Rab8 {[%clk 0:01:04]} 19. Bb6 {[%clk 0:01:02]} Rf8
{[%clk 0:01:00]} 20. Nxf7 {[%clk 0:00:56]} Nd5 {[%clk 0:00:41]} 21. Bxd5
{[%clk 0:00:43]} exd5 {[%clk 0:00:42]} 22. Nd6 {[%clk 0:00:40]} Rf6
{[%clk 0:00:27]} 23. Bc7 {[%clk 0:00:36]} Rbf8 {[%clk 0:00:27]} 24. Nxb7 Bh6
{[%clk 0:00:20]} 25. f4 {[%clk 0:00:23]} Bf5 {[%clk 0:00:12]} 26. N3c5
{[%clk 0:00:13]} R6f7 {[%clk 0:00:10]} 27. Bd6 {[%clk 0:00:13]} Rc8
{[%clk 0:00:08]} 28. Rxd5 {[%clk 0:00:13]} Bg4 {[%clk 0:00:07]} 29. Re1
{[%clk 0:00:12]} Bf8 {[%clk 0:00:03]} 30. Bxf8 {[%clk 0:00:12]} Kxf8
{[%clk 0:00:04]} 31. Nd6 {[%clk 0:00:12]} Rd8 {[%clk 0:00:04]} 32. Rd3
{[%clk 0:00:04]} Bf5 {[%clk 0:00:04]} 1-0